| 000 | 01108nam a22003377a 4500 | ||
|---|---|---|---|
| 001 | 932708 | ||
| 003 | OSt | ||
| 005 | 20210420062410.0 | ||
| 008 | 830120s1983 mauaf b 001 0 eng | ||
| 010 | _a 83002545 | ||
| 020 | _a0409950319 | ||
| 040 |
_aeng _cDLC _deng |
||
| 050 | 0 | 0 |
_aRC46 _b.M4776 1983 |
| 060 | _aWB 100 M49053 | ||
| 080 |
_a61 _bM-46 |
||
| 082 | 0 | 0 |
_a610 _219 |
| 100 |
_9389 _aHurst, J. Willis |
||
| 245 | 0 | 0 |
_aMedicine, for the practicing physician / _ceditor in chief, J. Willis Hurst ; editors, John R. Boring ... [et al.]. |
| 260 |
_aBoston : _bButterworths, _cc1983. |
||
| 300 |
_axxix, 1969 p., [2] p. of plates : _bill. (some col.) ; _c29 cm. |
||
| 504 | _aIncludes bibliographies and index. | ||
| 650 | 0 | _aFamily medicine. | |
| 650 | 2 |
_aMedicine _xHandbooks. |
|
| 650 | 2 |
_aDiagnosis _xHandbooks. |
|
| 650 | 2 |
_aTherapeutics _xHandbooks. |
|
| 653 | _aმედიცინა | ||
| 653 | _aსაოჯახო მედიცინა | ||
| 700 | 1 |
_aHurst, J. Willis _q(John Willis), _d1920-2011. |
|
| 906 |
_a7 _bcbc _corignew _d1 _eocip _f19 _gy-gencatlg |
||
| 942 |
_2udc _cBK |
||
| 999 |
_c469 _d469 |
||